000 01488nam a2200373 a 4500
001 ebr10482135
003 CaPaEBR
006 m u
007 cr cn|||||||||
008 100812s2010 caua sb 001 0 eng d
010 _z 2010033411
020 _z9780520268722 (pbk. : alk. paper)
020 _z9780520268715
020 _z9780520948945 (e-book)
040 _aCaPaEBR
_cCaPaEBR
035 _a(OCoLC)747411311
050 1 4 _aGB451.2
_b.P55 2010eb
082 0 4 _a551.45/7
_222
100 1 _aPilkey, Orrin H.,
_d1934-
245 1 4 _aThe world's beaches
_h[electronic resource] /
_cOrrin H. Pilkey ... [et al.].
260 _aBerkeley :
_bUniversity of California Press,
_cc2010.
300 _axvi, 283 p. :
_bcol. ill.
500 _a"A global guide to the science of the shoreline."--subtitle from cover.
504 _aIncludes bibliographical references and index.
505 0 _apt. 1. The global character of beaches -- pt. 2. How to read a beach -- pt. 3. The global threat to beaches.
533 _aElectronic reproduction.
_bPalo Alto, Calif. :
_cebrary,
_d2011.
_nAvailable via World Wide Web.
_nAccess may be limited to ebrary affiliated libraries.
650 0 _aBeaches.
650 0 _aSeashore.
650 0 _aCoasts.
650 0 _aCoast changes.
655 7 _aElectronic books.
_2local
710 2 _aebrary, Inc.
856 4 0 _uhttp://site.ebrary.com/lib/rucke/Doc?id=10482135
_zAn electronic book accessible through the World Wide Web; click to view
999 _c121607
_d121607